Logo BPK

Biblioteka

Politechniki Koszalińskiej

Song and music in language learning : (Rekord nr 24555)

Szczegóły MARC
000 -ETYKIETA REKORDU
podpole kontrolne o stałej długości 00798nam a2200217 i 4500
001 - NUMER KONTROLNY REKORDU
pole kontrolne bg
020 ## - MIĘDZYNARODOWY ZNORMALIZOWANY NUMER KSIĄŻKI - ISBN
ISBN 3261042036
040 ## - ŹRÓDŁO KATALOGOWANIA
Instytucja, która utworzyła rekord BPK
041 0# - KOD JĘZYKA
Kod języka tekstu en
080 ## - UNIWERSALNA KLASYFIKACJA DZIESIĘTNA - UKD
UKD 802.0(075.3)+372.880.20
920 ## - Międzynarodowy znormalizowany numer książki – ISBN
ISBN 3-261-04203-6
008 - POLE O STAŁEJ DŁUGOŚCI - DANE KONTROLNE
podpole kontrolne o stałej długości s pl f |000 0 pol
100 1# - NAZWA OSOBOWA
Nazwa osobowa MURPHEY, Tim
245 10 - TYTUŁ/ODPOWIEDZIALNOŚĆ
Tytuł Song and music in language learning :
Ciąg dalszy tytułu an analysis of pop song lyrics and the use of song and music in teaching English to speakers of the languages /
Pozostałe elementy strefy tytułu i oznaczenia odpowiedzialności Tim Murphey.
260 ## - STREFA ADRESU WYDAWNICZEGO
Miejsce wydania Bern [et al.] :
Nazwa wydawcy/dystrybutora Peter Lang,
Data publikacji, dystrybucji/powstania dokumentu 1990.
300 ## - STREFA OPISU FIZYCZNEGO
Objętość XIII,374 s. :
Inne cechy fizyczne rys., wykr. ;
Rozmiary 23 cm.
490 1# - STREFA SERII I DOKUMENTU WIELOCZĘŚCIOWEGO - FORMA NIE DO WYSZUKIWANIA
Tytuł i oznaczenie odpowiedzialności serii European University Studies. Ser. 11, Education ;
Numeracja w obrębie serii Vol. 422
650 #9 - HASŁO PRZEDMIOTOWE W FORMIE NAZWY OGÓLNEJ LUB JEDNOSTKOWEJ
Nazwa ogólna lub geograficzna Język angielski
Określnik ogólny nauczanie
-- metody
830 #0 - HASŁO DODATKOWE SERII LUB DOKUMENTU WIELOCZĘŚCIOWEGO - TYTUŁ UJEDNOLICONY
Tytuł ujednolicony European University Studies.
Nazwa części/sekcji dzieła Ser. 11, Education ;
Oznaczenie tomu Vol. 422
856 ## - LOKALIZACJA I DOSTĘP DO ELEKTRONICZNYCH DOKUMENTÓW ZDALNYCH
Link (URL) http://koha.tu.koszalin.pl/cgi-bin/koha/opac-detail.pl?biblionumber=24555
Tekst linku Katalog online BPK
942 ## - DODATKOWE ELEMENTY (KOHA)
Typ dokumentu Książka
Egzemplarze
Wycofany Status egzemplarza Uszkodzony Dostępność Lokalizacja stała Lokalizacja bieżąca Miejsce przechowywania Sygnatura Kod kreskowy Typ dokumentu
      Tylko na miejscu Biblioteka Politechniki Koszalińskiej Biblioteka Politechniki Koszalińskiej Czytelnia Wydziałowa ul. Kwiatkowskiego 6e P 50580 01423051 Książka
© 2023 Biblioteka Politechniki Koszalińskiej :: KOHA